[Event "World Junior Open 2015"]
[Site "Khanty-Mansiysk RUS"]
[Date "2015.09.07"]
[Round "6.25"]
[White "Dutreuil, Raphael"]
[Black "Menezes, Christoph"]
[Result "0-1"]
[BlackTitle "FM"]
[WhiteElo "2166"]
[BlackElo "2364"]
[WhiteFideId "20630999"]
[BlackFideId "1617001"]
[EventDate "2015.09.02"]

1. d4 Nf6 2. c4 g6 3. Nc3 Bg7 4. e4 O-O 5. Be2 d6 6. Bg5 c5 7. d5 e6 8. Nf3 h6
9. Be3 exd5 10. cxd5 Bg4 11. Nd2 Bxe2 12. Qxe2 Re8 13. f3 Na6 14. Nc4 Nc7 15. a4
b6 16. Qd2 Kh7 17. O-O Qe7 18. e5 dxe5 19. d6 Qe6 20. dxc7 Qxc4 21. Nb5 Bf8 22.
Rfd1 Rac8 23. Rac1 Qxa4 24. Qe2 a6 25. Nd6 Bxd6 26. Rxd6 Nh5 27. Rxb6 Rxc7 28.
Qxa6 Qxa6 29. Rxa6 Rb8 30. Rc2 c4 31. Ra5 f6 32. Ra4 g5 33. Bc1 Rbc8 34. Rb4 Ng7
35. Be3 Kg6 36. b3 cxb3 37. Rxc7 Rxc7 38. Rxb3 Nf5 39. Rd3 Rc2 40. Kf1 h5 41.
Bf2 Rc1+ 42. Ke2 Rh1 43. h3 h4 44. Rd2 Ng3+ 45. Bxg3 hxg3 46. Rd1 Rxd1 47. Kxd1
Kf5 48. Ke2 Ke6 49. Kd3 Kd5 50. Ke3 Kc4 51. Ke4 Kc3 52. Kf5 Kd3 53. Kg4 Ke2 54.
Kxg3 Kf1 55. f4 e4 56. Kg4 Kxg2 57. fxg5 fxg5 58. Kxg5 e3 0-1

[Event "World Junior Open 2015"]
[Site "Khanty-Mansiysk RUS"]
[Date "2015.09.07"]
[Round "6.26"]
[White "Ererdem, Gani Eren"]
[Black "Fontaine, Quentin"]
[Result "0-1"]
[WhiteElo "2213"]
[BlackElo "2122"]
[WhiteFideId "6310915"]
[BlackFideId "230804"]
[EventDate "2015.09.02"]

1. e4 c5 2. Nf3 e6 3. Nc3 Nc6 4. d4 cxd4 5. Nxd4 Qc7 6. Be3 a6 7. a3 Nf6 8. f4
d6 9. Be2 Be7 10. O-O Bd7 11. Qe1 Nxd4 12. Bxd4 e5 13. Be3 Bc6 14. Qg3 O-O 15.
f5 Kh8 16. Bd3 b5 17. Bg5 Qb7 18. Qh4 Ng8 19. Bxe7 Qxe7 20. Qxe7 Nxe7 21. f6 Ng6
22. g3 Rfb8 23. Rf2 Ra7 24. Rd1 Rd8 25. Bf1 Nf8 26. Bh3 a5 27. b4 axb4 28. axb4
Ra3 29. Nd5 Ra4 30. c3 Ra3 31. Rf3 gxf6 32. Nxf6 Ne6 33. Bf5 Nd4 34. cxd4 Rxf3
35. dxe5 Kg7 36. Nh5+ Kf8 37. exd6 Bd7 38. g4 Rb3 39. Rd4 Rb2 40. e5 Ra8 41. Ng3
Ra1+ 42. Nf1 Bc6 43. Be4 Bxe4 44. Rxe4 Ke8 45. Rf4 Re1 46. Rf5 Rd1 47. Rf4 Rc1
48. h3 Rc3 49. d7+ Kxd7 50. Rxf7+ Ke6 51. Rxh7 Rf3 0-1

[Event "World Junior Open 2015"]
[Site "Khanty-Mansiysk RUS"]
[Date "2015.09.07"]
[Round "6.27"]
[White "Kirk, Ezra"]
[Black "Johansson, Linus"]
[Result "0-1"]
[WhiteTitle "FM"]
[BlackTitle "IM"]
[WhiteElo "2315"]
[BlackElo "2400"]
[WhiteFideId "600067"]
[BlackFideId "1711113"]
[EventDate "2015.09.02"]

1. d4 e6 2. c4 Nf6 3. Nc3 Bb4 4. e3 c5 5. Bd3 Nc6 6. Nf3 Bxc3+ 7. bxc3 d6 8. O-O
e5 9. e4 h6 10. d5 Ne7 11. Nh4 g5 12. Nf5 Nxf5 13. exf5 Kd7 14. Rb1 Kc7 15. f3
b6 16. Rf2 Bd7 17. Be3 Qg8 18. g4 h5 19. Rg2 e4 20. fxe4 Nxg4 21. Rxg4 hxg4 22.
Bf2 Qg7 23. Rc1 Rh3 24. Bg3 Rxg3+ 25. hxg3 Rh8 26. Kg2 Rh5 27. Be2 Qe5 28. Bxg4
Rh6 29. Qe1 Bc8 30. Qe3 Qh8 31. Qg1 Qe8 32. Qe3 Qa4 33. e5 Qxc4 34. Bf3 Qxa2+
35. Kf1 Bxf5 36. exd6+ Rxd6 37. Qxg5 Qc4+ 38. Kf2 Bd7 39. Qg8 Qa2+ 40. Kg1 Qd2
41. Ra1 a5 42. Qa8 Bc8 43. Rf1 Qxc3 44. Kg2 Qe5 45. Rf2 Bb7 46. Qa7 Qe7 47. Re2
Qd7 48. Kf2 Kc8 49. Re5 Rf6 50. Kg2 Rxf3 51. Qxb6 Rc3 52. Qxa5 Bxd5+ 53. Kf2
Rc2+ 54. Ke3 Bc6 55. Rxc5 Rxc5 56. Qxc5 Qd5 57. Qf8+ Kd7 58. Qg7 Qf3+ 59. Kd2
Bd5 60. Qe5 Be6 61. Ke1 Qf5 62. Qd4+ Ke7 63. Qh4+ Kd6 64. Qd4+ Kc6 65. Qa4+ Kd5
66. Qb5+ Kd4 67. Qb2+ Kc4 68. Qa2+ Kc5 69. Qa7+ Kd6 70. Qd4+ Ke7 71. Qh4+ f6 72.
Qh8 Qe4+ 73. Kf2 Qd4+ 74. Kg2 Qd2+ 75. Kf3 Bd5+ 76. Kg4 Qd1+ 0-1

[Event "World Junior Open 2015"]
[Site "Khanty-Mansiysk RUS"]
[Date "2015.09.07"]
[Round "6.28"]
[White "Isaev, Chyngyz"]
[Black "Chumak, Dmitrii"]
[Result "1-0"]
[WhiteElo "2163"]
[BlackElo "1808"]
[WhiteFideId "13801660"]
[BlackFideId "34106658"]
[EventDate "2015.09.02"]

1. d4 Nf6 2. c4 c5 3. d5 b5 4. Qc2 bxc4 5. e4 d6 6. Bxc4 g6 7. Nf3 Bg7 8. O-O
O-O 9. Re1 Bg4 10. Nfd2 Qb6 11. Nc3 Bc8 12. b3 Ba6 13. Bb2 Nbd7 14. h3 Ne5 15.
Na4 Qb7 16. Bxe5 Bxc4 17. bxc4 dxe5 18. Nxc5 Qc7 19. Nd3 Nd7 20. c5 Rac8 21. Nb3
f5 22. f3 fxe4 23. fxe4 a5 24. a4 Rf6 25. Qd2 Ra6 26. Kh1 Nf6 27. c6 Rb6 28.
Ndc5 Qd6 29. Nb7 Qb4 30. Qxb4 Rxb4 31. N3c5 Bh6 32. Rab1 Rc4 33. Nd7 1-0

[Event "World Junior Open 2015"]
[Site "Khanty-Mansiysk RUS"]
[Date "2015.09.07"]
[Round "6.29"]
[White "O'Mahoney, Keegan"]
[Black "Van Laeken, Jonathan"]
[Result "0-1"]
[WhiteElo "1788"]
[BlackElo "1866"]
[WhiteFideId "2506190"]
[BlackFideId "228567"]
[EventDate "2015.09.02"]

1. d4 Nf6 2. c4 e6 3. Nf3 d5 4. g3 Bb4+ 5. Bd2 Bd6 6. Bg2 c6 7. O-O O-O 8. Nc3
Nbd7 9. Qc2 dxc4 10. a4 Re8 11. a5 e5 12. dxe5 Nxe5 13. Nxe5 Bxe5 14. a6 Qc7 15.
axb7 Bxb7 16. Be3 c5 17. Bxb7 Qxb7 18. Bxc5 Qc8 19. Bxa7 Qh3 20. f4 Rxa7 21.
fxe5 Ng4 22. e4 Rae7 23. Nd5 Rxe5 24. Ra7 Rxd5 25. Rfxf7 Rd1+ 26. Qxd1 Qxh2+ 27.
Kf1 Ne3+ 28. Ke1 Qg1+ 29. Ke2 Qxd1+ 30. Kxe3 Qe1+ 31. Kd4 Qxe4+ 32. Kc3 Qe1+ 33.
Kd4 Qe3+ 34. Kxc4 Qe6+ 35. Kc5 Qxf7 36. Rxf7 Kxf7 0-1

[Event "World Junior Open 2015"]
[Site "Khanty-Mansiysk RUS"]
[Date "2015.09.07"]
[Round "6.30"]
[White "Sabirov, Timur"]
[Black "El Fazari, Mohamed Amin"]
[Result "1-0"]
[WhiteElo "1665"]
[BlackElo "1832"]
[WhiteFideId "44107323"]
[BlackFideId "9002545"]
[EventDate "2015.09.02"]

1. e4 e6 2. d4 d5 3. e5 c5 4. c3 Nc6 5. Nf3 Bd7 6. a3 Nge7 7. b4 cxd4 8. cxd4
Rc8 9. Bb2 Qb6 10. Nc3 Nf5 11. Na4 Qd8 12. Nc5 Bxc5 13. dxc5 a6 14. Rc1 g5 15.
h3 Rg8 16. Nh2 Qc7 17. Ng4 Ke7 18. Bd3 Nh4 19. g3 Ng6 20. Qf3 Kf8 21. Nf6 Ncxe5
22. Nxh7+ Ke8 23. Qe3 Nxd3+ 24. Qxd3 Ne5 25. Nf6+ Kd8 26. Qe2 d4 27. Bxd4 Qc6
28. Qxe5 Qxh1+ 29. Kd2 Qxh3 30. Nxg8 Qg4 31. Qf6+ Kc7 32. Ne7 Be8 33. Be5+ Kd7
34. Rd1 1-0

[Event "World Junior Open 2015"]
[Site "Khanty-Mansiysk RUS"]
[Date "2015.09.07"]
[Round "6.31"]
[White "Lootens, Matthias"]
[Black "Dias, Matheus Nunes"]
[Result "0-1"]
[WhiteElo "1935"]
[BlackElo "1699"]
[WhiteFideId "218634"]
[BlackFideId "2136570"]
[EventDate "2015.09.02"]

1. e4 e6 2. d3 d5 3. Be2 Nf6 4. Nd2 c5 5. f4 Nc6 6. Ngf3 Qb6 7. c3 Be7 8. e5 Ng4
9. Nf1 f6 10. h3 Nh6 11. g4 fxe5 12. fxe5 Nf7 13. d4 Bd7 14. Ng3 cxd4 15. cxd4
Bb4+ 16. Kf1 Be7 17. h4 Rf8 18. Kg2 Nh6 19. Bxh6 gxh6 20. Qd2 O-O-O 21. Qxh6
Nxd4 22. Qxh7 Nxf3 23. Qc2+ Kb8 24. Bxf3 Rc8 25. Qe2 Bb5 26. Qd2 Bb4 27. Qd1 Qe3
28. a3 Rxf3 29. Qxf3 Rc2+ 30. Ne2 Rxe2+ 31. Kg3 Qxe5+ 0-1

[Event "World Junior Open 2015"]
[Site "Khanty-Mansiysk RUS"]
[Date "2015.09.08"]
[Round "7.1"]
[White "Van Foreest, Jorden"]
[Black "Duda, Jan-Krzysztof"]
[Result "0-1"]
[WhiteTitle "IM"]
[BlackTitle "GM"]
[WhiteElo "2541"]
[BlackElo "2645"]
[WhiteFideId "1039784"]
[BlackFideId "1170546"]
[EventDate "2015.09.02"]

1. e4 c5 2. Nc3 d6 3. Nge2 Nf6 4. g3 g6 5. Bg2 Bg7 6. d4 cxd4 7. Nxd4 Bd7 8. h3
Nc6 9. Nde2 h5 10. Bg5 b5 11. O-O Qc8 12. Nd5 Nxd5 13. exd5 Ne5 14. h4 O-O 15.
Nd4 Re8 16. Re1 b4 17. a3 Rb8 18. axb4 Rxb4 19. Nc6 Bxc6 20. dxc6 Rxb2 21. Rxa7
Nxc6 22. Bxc6 Qxc6 23. Raxe7 Rxe7 24. Bxe7 Bc3 25. Qc1 Rb7 26. Qh6 Qe8 27. Re3
Rxe7 28. Rxc3 Re1+ 29. Kg2 Qe4+ 30. Rf3 Qe2 31. Re3 Qf1+ 32. Kf3 Qh1+ 33. Kf4
Qg2 34. Rxe1 Qxf2+ 35. Ke4 Qxe1+ 36. Qe3 Qxe3+ 37. Kxe3 f6 38. Ke4 Kf7 39. Kd5
Ke7 40. c4 g5 41. Kd4 Ke6 42. Ke4 f5+ 43. Kd4 g4 0-1

[Event "World Junior Open 2015"]
[Site "Khanty-Mansiysk RUS"]
[Date "2015.09.08"]
[Round "7.2"]
[White "Grigoryan, Karen H."]
[Black "Bajarani, Ulvi"]
[Result "0-1"]
[WhiteTitle "GM"]
[BlackTitle "GM"]
[WhiteElo "2609"]
[BlackElo "2535"]
[WhiteFideId "13301004"]
[BlackFideId "13403028"]
[EventDate "2015.09.02"]

1. Nf3 f5 2. g3 Nf6 3. Bg2 e6 4. O-O d5 5. d3 Nc6 6. c4 dxc4 7. d4 Rb8 8. Nc3 b5
9. Ng5 Ne7 10. e4 h6 11. Nf3 g6 12. exf5 gxf5 13. Ne5 Rb6 14. a4 b4 15. a5 Rb8
16. Na4 Bg7 17. Nc5 O-O 18. Nxc4 Ne4 19. Nxe4 fxe4 20. Be3 Ba6 21. Rc1 Qd5 22.
b3 Nf5 23. Qg4 h5 24. Qe2 Rf7 25. Qc2 Nxd4 26. Bxd4 Bxc4 27. Bxa7 Bd3 28. Qc6
Ra8 29. Be3 Bc3 30. Rxc3 bxc3 31. Qxc3 Bxf1 32. Bxf1 Rxa5 33. Bc4 Qd1+ 34. Kg2
Ra1 35. Be2 Qh1+ 36. Kh3 Rg1 37. Bxh5 Qg2+ 38. Kg4 Qf3+ 39. Kh4 Qf6+ 40. Qxf6
Rxf6 41. Kg5 Rf5+ 42. Kg6 Rg2 43. Bg4 Rgxf2 0-1

[Event "World Junior Open 2015"]
[Site "Khanty-Mansiysk RUS"]
[Date "2015.09.08"]
[Round "7.3"]
[White "Bluebaum, Matthias"]
[Black "Bok, Benjamin"]
[Result "1/2-1/2"]
[WhiteTitle "GM"]
[BlackTitle "GM"]
[WhiteElo "2580"]
[BlackElo "2586"]
[WhiteFideId "24651516"]
[BlackFideId "1017063"]
[EventDate "2015.09.02"]

1. d4 Nf6 2. c4 g6 3. Nc3 d5 4. cxd5 Nxd5 5. e4 Nxc3 6. bxc3 Bg7 7. Qa4+ Nd7 8.
Nf3 O-O 9. Be2 Nb6 10. Qa3 Bg4 11. O-O e5 12. dxe5 Bxf3 13. gxf3 Bxe5 14. f4 Bg7
15. Be3 Qh4 16. Rad1 Bh6 17. Qc1 Rae8 18. Bf3 Re6 19. Kh1 Rf6 20. f5 Bxe3 21.
Qxe3 Re8 22. fxg6 hxg6 23. Bg2 Qf4 24. Qg3 Kg7 25. Rd4 Re5 26. Kg1 Rg5 27. Qxf4
Rxf4 28. e5 Rfg4 29. Rxg4 Rxg4 30. Rd1 c6 31. Rd8 Ra4 32. Rb8 Rxa2 33. Rxb7 Ra1+
34. Bf1 Nc4 35. e6 Nd2 36. Kg2 Rxf1 37. Rxf7+ Kh6 38. Rd7 Re1 39. Rxd2 Rxe6 40.
Ra2 1/2-1/2

[Event "World Junior Open 2015"]
[Site "Khanty-Mansiysk RUS"]
[Date "2015.09.08"]
[Round "7.4"]
[White "Ali Marandi, Cemil Can"]
[Black "Cori, Jorge"]
[Result "1/2-1/2"]
[WhiteTitle "IM"]
[BlackTitle "GM"]
[WhiteElo "2422"]
[BlackElo "2637"]
[WhiteFideId "6300529"]
[BlackFideId "3802272"]
[EventDate "2015.09.02"]

1. e4 c5 2. Nf3 Nc6 3. c3 Nf6 4. e5 Nd5 5. d4 cxd4 6. cxd4 d6 7. Bc4 e6 8. O-O
Be7 9. a3 a6 10. Re1 dxe5 11. Nxe5 O-O 12. Nxc6 bxc6 13. Nc3 Ra7 14. Qe2 Nxc3
15. bxc3 c5 16. Be3 Qa5 17. Bd3 g6 18. dxc5 Bxc5 19. Bh6 Rd8 20. Qe5 Bxf2+ 21.
Kxf2 Qxe5 22. Rxe5 Rxd3 23. Rc5 Rd8 24. Rb1 Bd7 25. Be3 f6 26. Rb6 Kf7 27. h4 h5
28. Rc4 Bb5 29. Rc5 Rda8 30. c4 Bd7 31. Ra5 Rc7 32. c5 Rc6 33. Rb7 Ke7 34. Ra4
e5 35. Rc4 Rac8 36. Rcb4 R8c7 37. Rxc7 Rxc7 38. Rb6 Bb5 39. Bd2 Bc6 40. Rxa6 Ke6
41. Ba5 Rc8 42. Ra7 g5 43. hxg5 fxg5 44. Rh7 h4 45. Bd2 Rg8 46. Rh6+ Kd5 47. Rh5
g4 48. Rxh4 g3+ 49. Kg1 e4 50. Bf4 Bb5 51. Rh5+ Kd4 52. Rg5 Rf8 53. Be5+ Kd3 54.
Rxg3+ e3 55. Rf3 Rxf3 56. gxf3 e2 57. Bg3 Ke3 58. Be1 1/2-1/2

[Event "World Junior Open 2015"]
[Site "Khanty-Mansiysk RUS"]
[Date "2015.09.08"]
[Round "7.5"]
[White "Rambaldi, Francesco"]
[Black "Gordievsky, Dmitry"]
[Result "1-0"]
[WhiteTitle "IM"]
[BlackTitle "FM"]
[WhiteElo "2540"]
[BlackElo "2511"]
[WhiteFideId "20657307"]
[BlackFideId "24112798"]
[EventDate "2015.09.02"]

1. Nf3 Nf6 2. g3 d5 3. Bg2 c6 4. O-O Bg4 5. d3 Nbd7 6. Qe1 e5 7. e4 dxe4 8. dxe4
Be7 9. Nbd2 O-O 10. h3 Bh5 11. Nh4 Re8 12. Nf5 Bf8 13. Nc4 Qc7 14. Bd2 b5 15.
Na5 Nb6 16. c4 Nxc4 17. Nxc4 bxc4 18. Ne3 Bc5 19. Nxc4 Bd4 20. Rc1 c5 21. b3 Qc6
22. Bc3 Bg6 23. Bxd4 exd4 24. f3 Rad8 25. Qf2 Nd7 26. Rfd1 f6 27. b4 Bf7 28. Bf1
Ne5 29. Nxe5 Rxe5 30. Rxd4 Rxd4 31. Qxd4 cxd4 32. Rxc6 Bxa2 33. Ra6 Bb1 34. Bc4+
Kf8 35. Rxa7 f5 36. b5 d3 37. b6 d2 38. Rd7 fxe4 39. Rxd2 Re8 40. Rb2 Bd3 41.
Bxd3 exd3 42. b7 Rb8 43. Kf2 Ke7 44. Ke3 Kd6 45. Kxd3 Kc7 46. Kc4 Kc6 47. f4 Kd6
48. Rb6+ Kc7 49. Kc5 Kd7 50. Kb5 Kc7 51. Ka6 Rd8 52. Ka7 1-0

[Event "World Junior Open 2015"]
[Site "Khanty-Mansiysk RUS"]
[Date "2015.09.08"]
[Round "7.6"]
[White "Karthikeyan, Murali"]
[Black "Antipov, Mikhail Al."]
[Result "0-1"]
[WhiteTitle "GM"]
[BlackTitle "GM"]
[WhiteElo "2509"]
[BlackElo "2538"]
[WhiteFideId "5074452"]
[BlackFideId "4107012"]
[EventDate "2015.09.02"]

1. e4 c5 2. Nf3 d6 3. d4 cxd4 4. Nxd4 Nf6 5. Nc3 a6 6. h3 e5 7. Nde2 h5 8. Bg5
Be6 9. Bxf6 Qxf6 10. Nd5 Qd8 11. Nec3 Nd7 12. Bc4 Rc8 13. Bb3 Nc5 14. O-O g5 15.
Qf3 Bg7 16. g4 hxg4 17. hxg4 Rh4 18. Ne3 Qf6 19. Qxf6 Bxf6 20. f3 Kd7 21. Ncd5
Bxd5 22. Nxd5 Nxb3 23. axb3 Ke6 24. Rac1 Rch8 25. Kf2 Rh2+ 26. Ke3 Bd8 27. b4
Kd7 28. Rf2 Rxf2 29. Kxf2 Rh2+ 30. Kg3 Rd2 31. b3 Kc6 32. Rh1 Rxc2 33. Rh7 Rb2
34. b5+ Kxb5 35. Rxf7 Ba5 36. Rxb7+ Kc5 37. Ra7 Be1+ 38. Kh3 a5 39. Rc7+ Kd4 40.
Rc6 Rxb3 41. Kg2 Rb2+ 42. Kh3 Bb4 43. Nxb4 axb4 44. Rxd6+ Ke3 45. Re6 Kf2 46.
Rxe5 Rb1 47. Kh2 Rd1 48. Rxg5 Rd8 49. Rh5 b3 50. Kh1 Kg3 0-1

[Event "World Junior Open 2015"]
[Site "Khanty-Mansiysk RUS"]
[Date "2015.09.08"]
[Round "7.7"]
[White "Bai, Jinshi"]
[Black "Gagare, Shardul"]
[Result "1/2-1/2"]
[WhiteTitle "IM"]
[BlackTitle "IM"]
[WhiteElo "2519"]
[BlackElo "2469"]
[WhiteFideId "8602280"]
[BlackFideId "5037883"]
[EventDate "2015.09.02"]

1. Nf3 Nf6 2. g3 c5 3. Bg2 g6 4. b3 Bg7 5. Bb2 O-O 6. O-O Nc6 7. c4 b6 8. d4
cxd4 9. Nxd4 Bb7 10. Nc3 Rb8 11. Nc2 d6 12. e4 Nd7 13. Qd2 a6 14. Ne3 b5 15.
Ncd5 Bxb2 16. Qxb2 bxc4 17. Nxc4 Nce5 18. Nce3 a5 19. Rfd1 Bxd5 20. Nxd5 Nb6 21.
Ne3 Nbc4 22. Nxc4 Nxc4 23. Qc3 Ne5 24. Rd5 Ra8 25. f4 Qb6+ 26. Qd4 Qxd4+ 27.
Rxd4 Nc6 28. Rc4 Nb4 29. a3 Nd3 30. e5 Rab8 31. exd6 exd6 32. b4 axb4 33. Rd4
Nc5 34. Rxb4 Rxb4 35. axb4 Nd3 36. b5 Rb8 37. Ra8 Rxa8 38. Bxa8 Nc5 39. Kf2 Kf8
40. Bc6 Na4 41. g4 h6 42. h4 Ke7 43. Ke3 f6 44. Ke4 Nb6 45. g5 fxg5 46. fxg5
hxg5 47. hxg5 Nc4 48. Kd5 Ne5 49. b6 Kd8 50. Kxd6 Nf7+ 51. Ke6 Nxg5+ 52. Kf6
Nh7+ 53. Kg7 Ng5 54. Bd5 Nh3 55. Kf6 Nf4 56. Be4 Kc8 57. Ke5 Nd3+ 58. Bxd3 Kb7
59. Bxg6 Kxb6 1/2-1/2

[Event "World Junior Open 2015"]
[Site "Khanty-Mansiysk RUS"]
[Date "2015.09.08"]
[Round "7.8"]
[White "Abasov, Nijat"]
[Black "Tari, Aryan"]
[Result "1/2-1/2"]
[WhiteTitle "GM"]
[BlackTitle "IM"]
[WhiteElo "2511"]
[BlackElo "2518"]
[WhiteFideId "13402960"]
[BlackFideId "1510045"]
[EventDate "2015.09.02"]

1. e4 c6 2. d4 d5 3. Nc3 dxe4 4. Nxe4 Bf5 5. Ng3 Bg6 6. h4 h6 7. Nf3 Nd7 8. h5
Bh7 9. Bd3 Bxd3 10. Qxd3 e6 11. Bd2 Ngf6 12. O-O-O Be7 13. Kb1 O-O 14. Ne4 Nxe4
15. Qxe4 Nf6 16. Qe2 Qd5 17. Be3 Qb5 18. c4 Qf5+ 19. Ka1 c5 20. Nh4 Qh7 21. g4
cxd4 22. Bxd4 Qe4 23. Qxe4 Nxe4 24. Nf3 Rfd8 25. Rhe1 f5 26. gxf5 exf5 27. Rc1
Rd7 28. Rg1 Ng5 29. Nxg5 Bxg5 30. Be3 f4 31. Bc5 f3 32. Rc3 Rad8 33. a4 b6 34.
Be3 Bxe3 35. Rxe3 Rd3 36. Rge1 R8d4 37. Re8+ Kh7 38. Rf8 Rd1+ 39. Rxd1 Rxd1+ 40.
Ka2 Rh1 41. b4 Rxh5 42. Kb3 1/2-1/2

[Event "World Junior Open 2015"]
[Site "Khanty-Mansiysk RUS"]
[Date "2015.09.08"]
[Round "7.9"]
[White "Goryachkina, Aleksandra"]
[Black "Saiyn, Zhanat"]
[Result "1/2-1/2"]
[WhiteTitle "WGM"]
[BlackTitle "IM"]
[WhiteElo "2497"]
[BlackElo "2413"]
[WhiteFideId "4147103"]
[BlackFideId "13703820"]
[EventDate "2015.09.02"]

1. d4 Nf6 2. c4 e6 3. g3 Bb4+ 4. Nd2 d5 5. Bg2 O-O 6. Nf3 b6 7. O-O Bb7 8. Ne5
Re8 9. Qc2 Bf8 10. b3 Nbd7 11. Nxd7 Qxd7 12. Bb2 Qd8 13. Rfd1 Rc8 14. a3 c5 15.
dxc5 Bxc5 16. b4 Be7 17. Rac1 Qc7 18. Qb3 dxc4 19. Nxc4 Qb8 20. Ne5 Rxc1 21.
Rxc1 Rc8 22. Nc6 Bxc6 23. Bxc6 Qd6 24. Bf3 Rxc1+ 25. Bxc1 Qc7 26. Bb2 Nd7 27. a4
Bf6 28. Bxf6 gxf6 29. Qb2 Ne5 30. Kg2 Qc4 31. a5 Nxf3 32. exf3 Kg7 33. h4 h6 34.
Qd2 bxa5 35. bxa5 a6 36. Qb2 Qc5 37. Qb6 Qc4 38. Qd8 Qc5 39. Kf1 Qc1+ 40. Ke2
Qc2+ 41. Kf1 Qc1+ 42. Kg2 Qc5 43. Qb6 Qc4 44. Qb7 Kg8 45. g4 Kg7 46. Qb6 Qd3 47.
Qc5 Qd2 48. Qb6 Qd3 49. Qb4 Qd5 50. Qc3 e5 51. Qb4 Qd3 52. Qb7 Qe2 53. Qd5 Qe1
54. Qd8 Qb4 55. Qb6 1/2-1/2

[Event "World Junior Open 2015"]
[Site "Khanty-Mansiysk RUS"]
[Date "2015.09.08"]
[Round "7.10"]
[White "Georgiadis, Nico"]
[Black "Leiva, Giuseppe"]
[Result "1-0"]
[WhiteTitle "IM"]
[BlackTitle "IM"]
[WhiteElo "2484"]
[BlackElo "2400"]
[WhiteFideId "1300113"]
[BlackFideId "3804399"]
[EventDate "2015.09.02"]

1. d4 Nf6 2. c4 e6 3. g3 c5 4. d5 exd5 5. cxd5 g6 6. Nc3 d6 7. Bg2 Bg7 8. Nf3
O-O 9. O-O Nbd7 10. Bf4 Qe7 11. Re1 a6 12. a4 Rb8 13. Rb1 Ng4 14. Qd2 f6 15. Qc2
Nge5 16. b4 cxb4 17. Rxb4 Nxf3+ 18. Bxf3 g5 19. Re4 Ne5 20. Bxe5 dxe5 21. Rc4 f5
22. e4 f4 23. gxf4 gxf4 24. Kh1 Bd7 25. Rg1 Rfc8 26. Qb3 Rxc4 27. Qxc4 Rc8 28.
Qb3 Qc5 29. d6+ Qc4 30. Bd1 Qxb3 31. Bxb3+ Kf8 32. Nd5 Rc6 33. Nf6 Rxd6 34.
Nxh7+ Ke8 35. Rxg7 Bc6 36. Bd5 Bxd5 37. exd5 Kd8 38. Rxb7 Rxd5 39. Nf6 Rd4 40.
f3 Rxa4 41. h4 1-0

[Event "World Junior Open 2015"]
[Site "Khanty-Mansiysk RUS"]
[Date "2015.09.08"]
[Round "7.11"]
[White "Akash, G"]
[Black "Yuffa, Daniil"]
[Result "1-0"]
[WhiteTitle "IM"]
[BlackTitle "IM"]
[WhiteElo "2382"]
[BlackElo "2476"]
[WhiteFideId "5040299"]
[BlackFideId "24131423"]
[EventDate "2015.09.02"]

1. e4 c6 2. d4 d5 3. e5 Bf5 4. Nf3 e6 5. Be2 Ne7 6. O-O h6 7. Nbd2 Nd7 8. Nb3 g5
9. Ne1 Qc7 10. f4 O-O-O 11. Nf3 Bg7 12. fxg5 hxg5 13. Nxg5 Nxe5 14. Bf4 N7g6 15.
Bg3 Bh6 16. dxe5 Bxg5 17. Bd3 Bh4 18. Bxf5 Bxg3 19. hxg3 exf5 20. Rxf5 Kb8 21.
Qd4 Rde8 22. Nc5 Rh7 23. Re1 Qc8 24. Rf6 Nf8 25. Ref1 Qc7 26. R1f3 Ka8 27. Rd6
b6 28. Na6 Qb7 29. Qa4 Ne6 30. Nb4 Ng5 31. Ra3 b5 32. Qa5 Ne4 33. Rd8+ Rxd8 34.
Qxd8+ Qb8 35. Nxc6 1-0

[Event "World Junior Open 2015"]
[Site "Khanty-Mansiysk RUS"]
[Date "2015.09.08"]
[Round "7.12"]
[White "Korchmar, Vasiliy"]
[Black "Loiseau, Quentin"]
[Result "0-1"]
[WhiteTitle "IM"]
[BlackTitle "IM"]
[WhiteElo "2409"]
[BlackElo "2419"]
[WhiteFideId "24131750"]
[BlackFideId "665274"]
[EventDate "2015.09.02"]

1. d4 Nf6 2. c4 e6 3. g3 c5 4. d5 exd5 5. cxd5 d6 6. Nc3 g6 7. Nf3 Bg7 8. Bg2
O-O 9. O-O Re8 10. Bf4 Ne4 11. Nxe4 Rxe4 12. Nd2 Rxf4 13. gxf4 Bxb2 14. Rb1 Bg7
15. e4 Nd7 16. Re1 Bh6 17. e5 Bxf4 18. e6 Ne5 19. Re4 Qf6 20. Qa4 Bxd2 21. Qe8+
Kg7 22. Rxe5 dxe5 23. e7 Bf5 24. Qxa8 Qxe7 25. Rxb7 Qf6 26. Rc7 Bd3 27. Qe8 e4
28. Bxe4 Qa1+ 29. Kg2 Bf1+ 30. Kg3 Qf6 31. Rxf7+ Qxf7 32. Qe5+ Qf6 33. f4 Qxe5
34. fxe5 Kf7 0-1

[Event "World Junior Open 2015"]
[Site "Khanty-Mansiysk RUS"]
[Date "2015.09.08"]
[Round "7.13"]
[White "Tran, Tuan Minh"]
[Black "Vokhidov, Shamsiddin"]
[Result "1/2-1/2"]
[WhiteTitle "IM"]
[WhiteElo "2417"]
[BlackElo "2292"]
[WhiteFideId "12401820"]
[BlackFideId "14204223"]
[EventDate "2015.09.02"]

1. d4 Nf6 2. g3 d5 3. Bg2 e6 4. c4 dxc4 5. Nf3 Bd7 6. Ne5 Bc6 7. Nxc6 Nxc6 8.
Qa4 Qd7 9. Bxc6 Qxc6 10. Qxc6+ bxc6 11. Nd2 O-O-O 12. e3 Bb4 13. a3 Bxd2+ 14.
Bxd2 c5 15. dxc5 Ne4 16. Bb4 Rd3 17. Ke2 Rhd8 18. f3 Nd2 19. Rac1 a5 20. Bc3 Nb3
21. Rc2 f6 22. Rb1 R8d5 23. c6 Rd6 24. g4 Rxc6 25. g5 e5 26. gxf6 gxf6 27. Rg1
Rcd6 28. Rg4 Rd1 29. Rxc4 Rh1 30. Rh4 Rdd1 31. Rxh7 Nc1+ 32. Kf2 Rhg1 33. e4
Nd3+ 34. Ke3 Nf4 35. Rxc7+ Kd8 36. Bd2 Rg2 37. Rc8+ 1/2-1/2

[Event "World Junior Open 2015"]
[Site "Khanty-Mansiysk RUS"]
[Date "2015.09.08"]
[Round "7.14"]
[White "Taalaibekov, Tagir"]
[Black "Chigaev, Maksim"]
[Result "0-1"]
[BlackTitle "IM"]
[WhiteElo "2222"]
[BlackElo "2531"]
[WhiteFideId "13801163"]
[BlackFideId "4108116"]
[EventDate "2015.09.02"]

1. d4 d6 2. e4 g6 3. g3 Bg7 4. Bg2 Nf6 5. Nc3 O-O 6. Nge2 Nbd7 7. O-O e5 8. h3
c6 9. Be3 Re8 10. Qd2 exd4 11. Nxd4 a6 12. Rad1 Ne5 13. Qe2 Qc7 14. Rfe1 b5 15.
Qf1 b4 16. Nb1 c5 17. Ne2 Bb7 18. Nd2 a5 19. f3 a4 20. Qf2 Rac8 21. Nf4 Nfd7 22.
b3 Nb6 23. Nd3 Nxd3 24. cxd3 d5 25. Rc1 Bc3 26. Red1 Qe7 27. Nb1 d4 28. Bh6 axb3
29. axb3 Ra8 30. Nxc3 bxc3 31. Ra1 Nd7 32. b4 cxb4 33. Qxd4 Qc5 34. Be3 Qxd4 35.
Bxd4 Ne5 36. Rac1 Nc6 37. Bxc3 bxc3 38. Rxc3 Nd4 39. Rc7 Bc6 40. Kf2 Ra2+ 41.
Kg1 Ra6 0-1

[Event "World Junior Open 2015"]
[Site "Khanty-Mansiysk RUS"]
[Date "2015.09.08"]
[Round "7.15"]
[White "Pichot, Alan"]
[Black "Iskandarov, Misratdin"]
[Result "1-0"]
[WhiteTitle "IM"]
[BlackTitle "IM"]
[WhiteElo "2528"]
[BlackElo "2405"]
[WhiteFideId "110973"]
[BlackFideId "13400312"]
[EventDate "2015.09.02"]

1. e4 c5 2. Nf3 d6 3. d4 cxd4 4. Nxd4 Nf6 5. Nc3 a6 6. h3 e6 7. g4 Be7 8. g5
Nfd7 9. Be3 Nc6 10. h4 O-O 11. Qd2 Nxd4 12. Qxd4 b5 13. O-O-O Bb7 14. h5 Rc8 15.
g6 fxg6 16. Bh3 Nc5 17. hxg6 h6 18. b4 Bf6 19. Qxd6 Qxd6 20. Rxd6 Nxe4 21. Bxe6+
Kh8 22. Rd7 Ng5 23. Rxb7 Nxe6 24. Ne4 Bd4 25. Nd6 Bxe3+ 26. fxe3 Rc6 27. Nf7+
Kg8 28. Rxh6 1-0